000 01260nam a22003737a 4500
005 20240530110535.0
008 160329s2012 ua g b 000 0 ara d
017 _a2012/22029
_bمصر . دار الكتب المصرية
020 _a9789773011713
040 _aEG-CaGPL
082 0 4 _221
_a953\
_bأ م
100 0 _aاسامة عبدالرحمن
245 1 0 _aمختصر تاريخ العواصم العربية /
_cاعداد اسامة عبدالرحمن ؛ مراجعة صابر عمر
260 _aالقاهرة :
_bهبة النيل العربية للنشر و التوزيع ،
_c2012 .
300 _a196 ص ؛
_c24 سم .
504 _aيشتمل على ارجاعات ببليوجرافية
650 0 4 _aعواصم الدول
_xتاريخ
651 0 4 _aالعالم العربى
_xتاريخ
651 0 4 _aالقاهرة
651 0 4 _aطرابلس
651 0 4 _aتونس
651 0 4 _aالجزائر
651 0 4 _aالرباط
651 0 4 _aجيبوتى
651 0 4 _aالقدس
651 0 4 _aدمشق
651 0 4 _aبيروت
651 0 4 _aالكويت
651 0 4 _aدبى
651 0 4 _aصنعاء
700 0 _aصابر عمر
_eمراجع
942 _2ddc
_cBK
999 _c62167
_d62167